Movies Quiz

Random Movies or Actor Quiz

Any 1-Word Movie by Actor Quiz Stats

 Plays Quiz Updated Jan 11, 2018

Challenge
Share
Tweet
Embed
Score 0/30 Timer 05:00
7 Plays Today
Actor One-Word Title % Correct
Tom HanksSplash
89%
Russell CroweGladiator
88.8%
Bill MurrayCaddyshack
81.4%
Al PacinoScarface
76.3%
Ben StillerZoolander
67.5%
John TravoltaGrease
60.2%
Robin WilliamsJumanji
58.1%
Brad PittSe7en
57.7%
Will FerrellElf
57.3%
Dustin HoffmanTootsie
52.6%
Denzel WashingtonGlory
52.4%
Arnold SchwarzeneggerPredator
52.1%
Sean PennMilk
50.9%
Will SmithAli
49.9%
Eddie MurphyShrek
44.2%
Actor One-Word Title % Correct
Tom CruiseTaps
43.7%
Clint EastwoodUnforgiven
42.2%
Sean ConneryGoldfinger
41.9%
Jack NicholsonChinatown
40.3%
Steve McQueenBullitt
38.3%
Warren BeattyReds
37%
Steve MartinRoxanne
34.9%
Matt DamonInvictus
32.5%
Nicolas CageMoonstruck
29%
Harrison FordWitness
26.4%
Johnny DeppBlow
26.2%
Jeff BridgesTron
25.8%
John CandySpaceballs
19.1%
Robert RedfordBrubaker
12.6%
Michael DouglasDisclosure
11.8%

You're not logged in!

Compare scores with friends on all Sporcle quizzes.
OR
Log In

You Might Also Like...

Show Comments

Extras

Top Quizzes Today


Score Distribution

Your Account Isn't Verified!

In order to create a playlist on Sporcle, you need to verify the email address you used during registration. Go to your Sporcle Settings to finish the process.

Report this User

Report this user for behavior that violates our Community Guidelines.

Details: